Hechos de los apóstoles
保存先:
| 第一著者: | |
|---|---|
| フォーマット: | 図書 |
| 言語: | スペイン語 |
| 出版事項: |
Buenos Aires
Claretiana
2004
|
| 主題: | |
| タグ: |
タグ追加
タグなし, このレコードへの初めてのタグを付けませんか!
|
MARC
| LEADER | 00000nam a2200000 a 4500 | ||
|---|---|---|---|
| 001 | UCJ2251 | ||
| 003 | CL-VaPUC | ||
| 008 | 061201e20040000AG |||||||||||||||||spa|d | ||
| 020 | |a 9505124945 | ||
| 082 | 0 | 4 | |a 226.6 |b SER |2 21 |
| 100 | 0 | |a Serna, Eduardo de la |e author |9 503211 | |
| 245 | 1 | 0 | |a Hechos de los apóstoles |
| 300 | |a 122 p | ||
| 942 | |c BK | ||
| 945 | |d 20061201 00:00:00 |a jtorresc | ||
| 260 | |a Buenos Aires |b Claretiana |c 2004 | ||
| 500 | |a El relato, el ambiente, las enseñanzas | ||
| 650 | 0 | |a Apóstoles |9 444286 | |
| 650 | 0 | |a Cristianismo |9 257361 | |
| 650 | 0 | |a Textos sagrados |9 257605 | |
| 650 | 0 | |a Biblia |9 257603 | |
| 650 | 0 | |a Hechos de los apóstoles |9 483141 | |
| 583 | |a last modification |c 20140702 11:00:30 |k Rodrigo Vera | ||
| 999 | |c 318601 |d 318599 | ||
| 952 | |0 0 |1 0 |4 0 |6 226_600000000000000_SER_2004 |7 0 |8 A |9 396519 |a BIBTEO |b BIBTEO |d 2019-11-22 |i 4259068 |o 226.6 SER 2004 |p 4259068 |r 2025-01-17 |w 2019-11-22 |y BK |k ICR | ||
| 952 | |0 0 |1 2 |4 0 |6 226_600000000000000_SER_2004 |7 0 |8 A |9 396520 |a BIBTEO |b BIBTEO |d 2019-11-22 |i 4469097 |o 226.6 SER 2004 |p 4469097 |r 2019-11-22 |w 2019-11-22 |y BK |k ICR | ||